000 00904nam a2200241 a 4500
999 _c12346
_d12346
001 12346
003 BD-JhCC
005 20211102103340.0
008 211102b2018 bg |||| ||a| 000 0 Ben d
020 _a9789849322061
035 _a(BD-JhCC)12346
040 _aBD-JhCC
_dBD-JhCC
041 _aBengali
082 _a297.63
_bADR 2018
100 _aআদরবী, মাওলানা আসীর
245 _aনূরের পর্বত থেকে সবুজ গম্বুজ /
_cমাওলানা আসীর আদরবী, অনু: মুহাম্মদ যাইনুল আবিদীন ।
260 _aঢাকা:
_bরাহনুমা প্রকাশনী;
_c২০১৮.
300 _a462 p. :
_c22 cm.
650 _aMuhammad, prophet
700 _aআবিদীন,মুহাম্মদ যাইনুল
942 _2ddc
_cBK